| 000 | 00822nas a2200277 4500 | ||
|---|---|---|---|
| 001 | BR0904472 | ||
| 003 | BR-BrBNA | ||
| 005 | 20231205113327.0 | ||
| 007 | ta | ||
| 008 | 230509b bl.|||p| |||| 00| 00por d | ||
| 040 |
_aBR-BrBNA _bpor _cBiblioteca Nacional de Agricultura |
||
| 041 | _a(Pt) | ||
| 072 | _aH20; H10 | ||
| 100 | 1 | _aMoura, R.M. de | |
| 100 | 1 | _aPedrosa, E.M.R. | |
| 100 | 1 | _aMaranhão, E.A.A. | |
| 100 | 1 | _aReis, O.V. | |
| 245 | 1 | _aO nanismo do coentro, uma doença causada pelo nematóide Rotylenchulus reniformis. | |
| 650 | _aCOENTRO | ||
| 650 | _aNANISMO | ||
| 650 | _aDOENÇA DE PLANTA | ||
| 650 | _aPRAGA DE PLANTA | ||
| 773 | 0 |
_tNematologia Brasileira (Brazil) _xISSN 0102-2997 _g(1997), v. 21(2) p. 13-22 _wBR0904472 |
|
| 909 |
_a202311 _bLúcia _c55 _dLúcia Elande |
||
| 942 |
_2AGRIS _n0 _cANA |
||
| 999 |
_c203151 _d203151 |
||